[Event "Konventum Weekend 2021"]
[Site "Elsinore"]
[Date "2021.07.25"]
[Round "5"]
[White "Bergner, Philipp"]
[Black "Olsen, Peter Erik"]
[Result "1/2-1/2"]
[WhiteElo "2083"]
[BlackElo "2221"]
[PlyCount "87"]
[EventDate "2021.07.23"]
[EventType "swiss"]
[EventRounds "5"]
[EventCountry "DEN"]

1. d4 Nf6 2. c4 c5 3. d5 b5 4. cxb5 a6 5. bxa6 Bxa6 6. Nc3 d6 7. Nf3 g6 8. g3
Bg7 9. Bg2 Nbd7 10. Rb1 O-O 11. O-O Nb6 12. b3 Bb7 13. Nh4 Ra7 14. a4 Ba6 15.
Re1 Rb7 16. Qc2 Qc7 17. h3 Rfb8 18. Bd2 Nbd7 19. Kh2 Ne5 20. f4 Ned7 21. e4 Ne8
22. Bf1 Bxf1 23. Rxf1 Qc8 24. Nb5 Nc7 25. Na3 Na6 26. Nc4 Ra8 27. Qd3 Nb4 28.
Qe2 Qb8 29. Nf3 Qc7 30. g4 Nb6 31. f5 Nxc4 32. Qxc4 Qb6 33. fxg6 hxg6 34. Bc3
Qa6 35. Qxa6 Rxa6 36. Bxg7 Kxg7 37. Ng5 e6 38. dxe6 f6 39. Nf3 Re7 40. g5 Rxe6
41. gxf6+ Rxf6 42. e5 Rf5 43. exd6 Rxd6 44. Kg2 1/2-1/2

[Event "Konventum Weekend 2021"]
[Site "Elsinore"]
[Date "2021.07.25"]
[Round "5"]
[White "Grubert, Christian"]
[Black "Guindy, Esmat Susanne"]
[Result "0-1"]
[WhiteElo "2130"]
[BlackElo "2100"]
[PlyCount "92"]
[EventDate "2021.07.23"]
[EventType "swiss"]
[EventRounds "5"]
[EventCountry "DEN"]

1. e4 e6 2. d3 d5 3. Qe2 Be7 4. Nf3 Nf6 5. g3 b6 6. Bg2 c5 7. c4 dxc4 8. dxc4
Bb7 9. e5 Nfd7 10. O-O Nc6 11. Rd1 Qc7 12. Bf4 h6 13. g4 O-O-O 14. Nc3 a6 15.
Bg3 Ndb8 16. Ne4 Nd4 17. Nxd4 Rxd4 18. Nd6+ Bxd6 19. exd6 Rxd1+ 20. Rxd1 Qd7
21. b4 Bxg2 22. Kxg2 Qc6+ 23. Kg1 cxb4 24. Qb2 f6 25. d7+ Nxd7 26. Qxb4 Qc5 27.
Qa4 Nb8 28. Bd6 Qc6 29. Qb3 Nd7 30. Be7 Ne5 31. h3 Nxc4 32. Rc1 b5 33. a4 Re8
34. axb5 axb5 35. Qb4 Kb7 36. Ra1 Ra8 37. Rxa8 Kxa8 38. Bd8 Qe8 39. Be7 Qd7 40.
Qc5 Kb7 41. Bf8 Ne5 42. Qc2 Qd4 43. Qh7 Nd3 44. Qxg7+ Kc6 45. Qxh6 Qxf2+ 46.
Kh1 Nf4 0-1

[Event "Konventum Weekend 2021"]
[Site "Elsinore"]
[Date "2021.07.25"]
[Round "5"]
[White "Olsen, Claus"]
[Black "Hoiberg, Nina"]
[Result "0-1"]
[WhiteElo "2054"]
[BlackElo "2165"]
[PlyCount "98"]
[EventDate "2021.07.23"]
[EventType "swiss"]
[EventRounds "5"]
[EventCountry "DEN"]

1. e4 e5 2. Nc3 Nc6 3. Bc4 Nf6 4. d3 Na5 5. Bb3 Nxb3 6. axb3 d6 7. f4 exf4 8.
Bxf4 Be7 9. Nf3 O-O 10. O-O c6 11. Qe2 h6 12. Rae1 Nh7 13. Kh1 Ng5 14. Qf2 Nxf3
15. gxf3 f5 16. Qg2 Kh7 17. Rg1 g5 18. Bc1 f4 19. d4 Rg8 20. Qe2 Qf8 21. b4 Bd7
22. d5 Bf6 23. Bd2 Bd4 24. Qd3 Bxg1 25. Rxg1 Rg6 26. Ne2 cxd5 27. Qxd5 Bc6 28.
Qd3 Re8 29. b5 Bd7 30. c4 Qf7 31. Bc3 g4 32. Rf1 g3 33. hxg3 fxg3 34. Kg2 Be6
35. b3 Reg8 36. Rh1 Rf8 37. f4 Bg4 38. f5 Rgg8 39. Qxd6 h5 40. Nf4 Rd8 41. Qc5
Rge8 42. Nxh5 Bxh5 43. f6 Kh6 44. Qe3+ Kg6 45. Qxg3+ Kh6 46. Qf4+ Kh7 47. Qf5+
Qg6+ 48. Qxg6+ Kxg6 49. Kf2 Rxe4 0-1